Otto der Grosse : und seine Zeit

Αποθηκεύτηκε σε:
Λεπτομέρειες βιβλιογραφικής εγγραφής
Κύριος συγγραφέας: Hiller, Helmut
Μορφή: Βιβλίο
Γλώσσα:German
Δημοσίευση: Munchen : Paul List Verlag, 1980
Θέματα:
Ετικέτες: Προσθήκη ετικέτας
Δεν υπάρχουν, Καταχωρήστε ετικέτα πρώτοι!

MARC

LEADER 00000cam a2200000 i 4500
001 1/35740
008 960916s1980 ger d
020 |a 3-471-778-470 
035 |l 10024353 
040 |a GR-MY-UA  |b gre  |e aacr 
041 0 |a ger 
082 0 |a 943.022092 
100 1 |a Hiller, Helmut. 
245 1 0 |a Otto der Grosse :  |b und seine Zeit /  |c Helmut Hiller 
260 |a Munchen :   |b Paul List Verlag,   |c 1980 
300 |a 312 p.;  |c 22 cm 
600 0 0 |a Otto   |b I,   |c Holy Roman Emperor,   |d 912-973. 
651 0 |a Holy Roman empire  |x Kings and rulers  |x Biography. 
651 0 |a Holy Roman empire  |x History  |y Otto I, 936-973. 
852 |a INST  |b CHIOS  |e 19960916  |h 943.022092 HIL  |p 005200011888  |q 005200011888  |t BK  |y 0 
901 |a BIBL2-2000-2 
909 |a Χ  |b 016194 
970 |z 2000/08/ΔΕΜΕΝΑΓΑΣ